[Event "Kvika Reykjavik Open 2022"]
[Site "Reykjavik ISL"]
[Date "2022.04.10"]
[Round "6.27"]
[White "Vardaan, Nagpal"]
[Black "Khoury, Theo"]
[Result "1-0"]
[WhiteTitle "IM"]
[WhiteElo "2372"]
[BlackElo "1949"]
[WhiteFideId "25089544"]
[BlackFideId "480703"]
[EventDate "2022.04.06"]

1. c4 e5 2. Nc3 Nf6 3. Nf3 Nc6 4. e4 Bb4 5. d3 d6 6. g3 Bg4 7. Bg2 O-O 8. h3 Bh5
9. g4 Bg6 10. Bg5 Qe7 11. O-O Bxc3 12. bxc3 Nd8 13. Nh4 Ne6 14. Be3 h5 15. Nf5
Qd7 16. f4 exf4 17. Bxf4 Nxf4 18. Rxf4 Rfe8 19. g5 Nh7 20. h4 f6 21. gxf6 Nxf6
22. Ne3 Rf8 23. Qd2 Rae8 24. Raf1 Nh7 25. Kh2 c6 26. Bh3 Qe7 27. Bf5 Rf6 28. Qg2
Ref8 29. Qg3 Be8 30. Bxh7+ Kxh7 31. Qg5 Qe5 32. Qxe5 dxe5 33. Rxf6 Rxf6 34. Rxf6
gxf6 35. Kg3 Bd7 36. c5 Be6 37. a3 Kg6 38. d4 b6 39. d5 Bd7 40. cxb6 axb6 41.
Nc4 cxd5 42. Nxb6 Bb5 43. Nxd5 Kf7 44. Kf3 Bc4 45. Nb6 Ba6 46. Nd5 Bc4 47. Ne3
Be6 48. Ke2 Ke7 49. Nd5+ Kf7 50. c4 f5 51. exf5 Bxf5 52. Kd2 Ke6 53. Kc3 Kd6 54.
Nf6 Bg6 55. a4 Kc5 56. a5 e4 57. Nd5 Be8 58. a6 Bc6 59. a7 1-0

[Event "Kvika Reykjavik Open 2022"]
[Site "Reykjavik ISL"]
[Date "2022.04.10"]
[Round "6.58"]
[White "Skahlberg Bjerknes-Lima de Faria, Warg"]
[Black "Johannsson, Birkir Isak"]
[Result "0-1"]
[WhiteElo "1813"]
[BlackElo "2117"]
[WhiteFideId "1738100"]
[BlackFideId "2314673"]
[EventDate "2022.04.06"]

1. c4 e6 2. Nf3 Nf6 3. g3 d5 4. Bg2 dxc4 5. Qa4+ c6 6. Qxc4 b5 7. Qc2 Bb7 8. Nc3
Nbd7 9. d4 c5 10. dxc5 Bxc5 11. O-O a6 12. Bf4 Rc8 13. Qd3 O-O 14. Bd6 Re8 15.
Ng5 Bxg2 16. Kxg2 Bxd6 17. Qxd6 Nc5 18. Qf4 Qc7 19. Qxc7 Rxc7 20. a3 h6 21. Nf3
Nce4 22. Nxe4 Nxe4 23. Rfc1 Rec8 24. Rxc7 Rxc7 25. Rd1 Rc2 26. Rd4 Rxe2 27. Ne5
f5 28. Nd3 Rd2 29. Kf3 Nxf2 30. Ke3 Rxd3+ 31. Rxd3 Nxd3 32. Kxd3 e5 33. a4 bxa4
34. Kc4 e4 35. h4 g5 36. hxg5 hxg5 37. g4 f4 38. Kd4 e3 0-1

[Event "Kvika Reykjavik Open 2022"]
[Site "Reykjavik ISL"]
[Date "2022.04.10"]
[Round "6.59"]
[White "Zysko, Jan"]
[Black "Kristinsson, Magnus"]
[Result "1-0"]
[WhiteElo "2110"]
[BlackElo "1734"]
[WhiteFideId "1141589"]
[BlackFideId "2305682"]
[EventDate "2022.04.06"]

1. d4 Nf6 2. Bf4 g6 3. Nf3 d5 4. e3 Bg7 5. Be2 c5 6. c3 Qb6 7. Qb3 Nc6 8. Nbd2
O-O 9. O-O Re8 10. Rfe1 e6 11. Ne5 Nd7 12. Nxd7 Bxd7 13. Qxb6 axb6 14. Bc7 cxd4
15. exd4 Nxd4 16. cxd4 Bxd4 17. Rab1 Rxa2 18. Nb3 Bxb2 19. Nc1 Bxc1 20. Rbxc1
Rc8 21. Bf3 b5 22. Be5 Bc6 23. g4 Rca8 24. g5 R2a4 25. Bd1 Rc4 26. Be2 Re4 27.
f4 Ra2 28. Bf1 Rea4 29. Bxb5 Rb4 30. Bxc6 bxc6 31. Rxc6 Rc4 32. Rxc4 dxc4 33.
Rc1 Ra4 34. Kf2 Kf8 35. Ke3 Ra3+ 36. Rc3 1-0

[Event "Kvika Reykjavik Open 2022"]
[Site "Reykjavik ISL"]
[Date "2022.04.10"]
[Round "6.60"]
[White "Klasinc, Kristjan"]
[Black "Mahajan, Rushaan"]
[Result "0-1"]
[BlackTitle "CM"]
[WhiteElo "1779"]
[BlackElo "2101"]
[WhiteFideId "12966460"]
[BlackFideId "30934222"]
[EventDate "2022.04.06"]

1. f4 Nf6 2. Nf3 d5 3. g3 c5 4. Bg2 Nc6 5. c3 g6 6. d3 Bg7 7. O-O O-O 8. Na3 b6
9. Nh4 e6 10. e4 dxe4 11. dxe4 Ba6 12. Re1 Qxd1 13. Rxd1 Rad8 14. Re1 Rd7 15. e5
Nd5 16. Bf1 Bxf1 17. Kxf1 Rfd8 18. Ng2 Bf8 19. Ne3 Nc7 20. Ng4 Be7 21. Be3 Nd5
22. Bf2 Na5 23. Ke2 c4 24. Nb5 a6 25. Nd4 b5 26. Ne3 Nb6 27. Nec2 Na4 28. Rab1
Nb7 29. Be3 Rc8 30. a3 Nbc5 31. Nb4 Bf8 32. Red1 a5 33. Nbc6 Nd3 34. Rxd3 cxd3+
35. Kd2 Nb6 36. Nxa5 Nc4+ 37. Nxc4 bxc4 38. b4 Ra8 39. Ra1 Rda7 40. Nb5 Ra4 41.
g4 h6 42. h4 Kh7 43. Kd1 Be7 44. g5 Kg7 45. Ra2 h5 46. Bc1 Kf8 47. Rg2 Rc8 48.
Rg1 Ke8 49. Re1 Rb8 50. Nd4 Raa8 51. Nb5 Kd7 52. Re4 Kc6 53. Nd6 Bxd6 54. Rxc4+
Kb5 0-1

[Event "Kvika Reykjavik Open 2022"]
[Site "Reykjavik ISL"]
[Date "2022.04.10"]
[Round "6.61"]
[White "Galow, Michael"]
[Black "Kracht, Raphael"]
[Result "1-0"]
[WhiteElo "1740"]
[BlackElo "2101"]
[WhiteFideId "16234596"]
[BlackFideId "16214382"]
[EventDate "2022.04.06"]

1. d4 Nf6 2. Bf4 g6 3. Nc3 Bg7 4. e4 O-O 5. e5 Ne8 6. Qe2 d6 7. O-O-O Nc6 8. Qe3
f6 9. Bc4+ Kh8 10. Nge2 fxe5 11. dxe5 Bf5 12. f3 Nxe5 13. Bxe5 Bxe5 14. g4 Bd7
15. f4 Bg7 16. g5 e5 17. h4 exf4 18. Nxf4 Be5 19. Nxg6+ hxg6 20. h5 gxh5 21.
Rxh5+ Kg7 22. Rdh1 Bf5 23. g6 Bf4 24. Qxf4 Bxg6 25. Qh6+ 1-0

[Event "Kvika Reykjavik Open 2022"]
[Site "Reykjavik ISL"]
[Date "2022.04.10"]
[Round "6.62"]
[White "Ostensson, Julia"]
[Black "Ruiz Buendia, Miguel"]
[Result "0-1"]
[WhiteElo "1731"]
[BlackElo "2092"]
[WhiteFideId "1747703"]
[BlackFideId "24537675"]
[EventDate "2022.04.06"]

1. e4 c5 2. Nc3 d6 3. f4 Nc6 4. Nf3 g6 5. Bc4 Bg7 6. O-O Nd4 7. Nxd4 cxd4 8. Ne2
Qc7 9. d3 Nf6 10. Bb3 a5 11. a4 O-O 12. Kh1 Nd7 13. f5 Nc5 14. c3 Nxb3 15. Qxb3
dxc3 16. Nxc3 Qd8 17. Bg5 h6 18. Bh4 g5 19. Bg3 Ra6 20. Nd5 Bd4 21. Bf2 Bxf2 22.
Rxf2 e6 23. Nc3 Rb6 24. Qd1 d5 25. f6 d4 26. Qh5 Kh7 27. h4 gxh4 28. Nb5 Bd7 29.
e5 Be8 30. Nd6 Qd7 31. Rc1 Rg8 32. Nxe8 Qxe8 33. Rc7 Rg6 34. Re7 Qg8 35. Rc2 Rc6
36. Rxc6 bxc6 37. Rc7 h3 38. g4 Qf8 39. Re7 Kg8 40. Qxh3 Qb8 41. Qh2 c5 42. Qe2
Rg5 43. Qe4 Rxe5 44. Re8+ Qxe8 45. Qxe5 Qxa4 46. Qe2 Qc6+ 47. Kg1 Qd5 48. Kf2
Kh7 49. Kg3 Kg6 0-1

[Event "Kvika Reykjavik Open 2022"]
[Site "Reykjavik ISL"]
[Date "2022.04.10"]
[Round "6.63"]
[White "Foerster-Yialamas, Lucas"]
[Black "Steiners, Emils"]
[Result "1-0"]
[WhiteTitle "CM"]
[WhiteElo "2075"]
[BlackElo "1731"]
[WhiteFideId "30901774"]
[BlackFideId "11629991"]
[EventDate "2022.04.06"]

1. e4 c5 2. Nf3 e6 3. d4 cxd4 4. Nxd4 Nc6 5. Nc3 Qc7 6. Be3 a6 7. a3 Nf6 8. Be2
Be7 9. O-O O-O 10. f4 d6 11. Bf3 Nxd4 12. Qxd4 e5 13. Qd2 exf4 14. Bxf4 Be6 15.
Kh1 Rfd8 16. Rfe1 Nd7 17. Rad1 Ne5 18. Bxe5 dxe5 19. Nd5 Bxd5 20. exd5 Bd6 21.
Be4 Qd7 22. Rf1 Qe7 23. Rf3 Rf8 24. Qd3 g6 25. g4 f6 26. c4 b6 27. h4 a5 28. h5
g5 29. Re1 Rad8 30. Bf5 Kh8 31. Be6 Qg7 32. Rf5 Qh6 33. Ref1 Kg7 34. Qb3 Bc5 35.
Qb5 Kh8 36. b4 axb4 37. axb4 Bd4 38. c5 bxc5 39. bxc5 Qg7 40. c6 Qe7 41. Qc4 Bb6
42. Qc3 Rb8 43. Qf3 Bd8 44. h6 Rb4 45. Qg3 Rf4 46. R5xf4 gxf4 47. Qf3 Bc7 48.
Bf5 Re8 49. Kg2 Ra8 50. Bb1 Rd8 51. Qe4 Qf7 52. Rd1 Bd6 53. Qf5 Re8 54. Be4 Rd8
55. Rb1 Ra8 56. Rb7 Ra7 57. Kh3 Ra3+ 58. Kh4 Be7 59. Rb8+ Bf8 60. Rxf8+ Qxf8 61.
Qxh7# 1-0

[Event "Kvika Reykjavik Open 2022"]
[Site "Reykjavik ISL"]
[Date "2022.04.10"]
[Round "6.64"]
[White "Zamvar, Vipin"]
[Black "Murphy, Ryan"]
[Result "0-1"]
[WhiteElo "1620"]
[BlackElo "2051"]
[WhiteFideId "2403749"]
[BlackFideId "2082438"]
[EventDate "2022.04.06"]

1. d4 d5 2. Bf4 c5 3. c3 Nc6 4. e3 Bf5 5. Nf3 e6 6. Qb3 Qb6 7. Nbd2 c4 8. Qxb6
axb6 9. Be2 h6 10. O-O Nf6 11. Ne5 Be7 12. Rfe1 O-O 13. g4 Bh7 14. g5 hxg5 15.
Bxg5 Ne4 16. Nxe4 Bxe4 17. Bxe7 Nxe7 18. f3 Bh7 19. e4 b5 20. exd5 Nxd5 21. Kf2
b6 22. Rg1 f6 23. Ng4 Kf7 24. Ne3 Nf4 25. Bf1 g5 26. Kg3 Bg6 27. Ng2 Nd5 28. Be2
Rh8 29. h4 gxh4+ 30. Nxh4 Rag8 31. Rh1 Bd3+ 32. Kf2 Bxe2 33. Kxe2 Nf4+ 34. Ke3
Rxh4 35. Rxh4 Ng2+ 36. Ke4 Nxh4 37. Rh1 Nf5 38. Rh7+ Rg7 39. Rh8 Ne7 40. b3 Nd5
41. bxc4 bxc4 42. Rc8 b5 43. a4 Rg1 44. f4 Rg3 45. f5 Re3# 0-1

[Event "Kvika Reykjavik Open 2022"]
[Site "Reykjavik ISL"]
[Date "2022.04.10"]
[Round "6.65"]
[White "Collins, Adam"]
[Black "Eedle, Eric F"]
[Result "1/2-1/2"]
[WhiteElo "2039"]
[BlackElo "1559"]
[WhiteFideId "2512300"]
[BlackFideId "429627"]
[EventDate "2022.04.06"]

1. e4 c5 2. c3 Nf6 3. e5 Nd5 4. d4 cxd4 5. Nf3 Nc6 6. cxd4 d6 7. Bc4 Nb6 8. Bb5
Bd7 9. exd6 e6 10. O-O Bxd6 11. Nc3 O-O 12. Re1 Nb4 13. Bd3 Nxd3 14. Qxd3 f6 15.
Ne4 Bc6 16. Bd2 Bd5 17. Rac1 Qd7 18. h4 Rac8 19. h5 Rxc1 20. Rxc1 Rc8 21. Rxc8+
Nxc8 22. h6 Bxe4 23. Qxe4 Ne7 24. hxg7 Kxg7 25. Qg4+ Kh8 26. Qh4 Nd5 27. Qe4 Kg7
28. g4 Bc7 29. g5 f5 30. Qh4 Qf7 31. Qh6+ Kg8 32. Nh4 Nf4 33. Bb4 Bd8 34. Nf3
Qg7 35. Qxg7+ Kxg7 36. Bd2 Nd5 37. Ne5 f4 38. Kg2 Bxg5 39. Kf3 h5 40. Nd3 Kf6
41. Ke4 Bh6 42. Bc1 Bg5 1/2-1/2

[Event "Kvika Reykjavik Open 2022"]
[Site "Reykjavik ISL"]
[Date "2022.04.10"]
[Round "6.66"]
[White "Kjartansson, Matthias Bjorgvin"]
[Black "Manukonda, Arun"]
[Result "0-1"]
[WhiteElo "1504"]
[BlackElo "2014"]
[WhiteFideId "2319225"]
[BlackFideId "5080789"]
[EventDate "2022.04.06"]

1. d4 Nf6 2. c4 c5 3. d5 b5 4. cxb5 a6 5. bxa6 g6 6. Nc3 Bg7 7. e4 O-O 8. Nf3
Qa5 9. Bd2 Bxa6 10. Be2 Bxe2 11. Qxe2 Qb6 12. O-O Qxb2 13. Nb5 Rxa2 14. Rab1 Qc2
15. Nc3 Qxc3 16. Rfc1 Qa3 17. Qc4 d6 18. Qb5 Nxe4 0-1

[Event "Kvika Reykjavik Open 2022"]
[Site "Reykjavik ISL"]
[Date "2022.04.10"]
[Round "6.71"]
[White "Signyjarson, Arnar Smari"]
[Black "Kull, Florian"]
[Result "0-1"]
[WhiteElo "1565"]
[BlackElo "2138"]
[WhiteFideId "2316340"]
[BlackFideId "4637097"]
[EventDate "2022.04.06"]

1. e4 e6 2. d4 d5 3. Nc3 Bb4 4. exd5 exd5 5. Bd3 Nc6 6. a3 Bxc3+ 7. bxc3 Nf6 8.
Bf4 O-O 9. Nf3 Re8+ 10. Be3 Bg4 11. h3 Bh5 12. O-O Ne4 13. c4 Qf6 14. cxd5 Nc3
15. Qd2 Nxd5 16. Bg5 Qd6 17. c4 Bxf3 18. gxf3 Nxd4 19. Bxh7+ Kxh7 20. Qxd4 Nb6
21. Qh4+ Kg8 22. Kh1 Qc6 23. Rg1 Qxf3+ 24. Kh2 Re4 25. Rg4 Rxg4 26. hxg4 Re8 27.
Be7 Qf4+ 28. Kg1 Qe5 0-1

[Event "Kvika Reykjavik Open 2022"]
[Site "Reykjavik ISL"]
[Date "2022.04.10"]
[Round "6.72"]
[White "Sigeman, Johan"]
[Black "Putz, Philippe Marco"]
[Result "1-0"]
[WhiteElo "2136"]
[BlackElo "1697"]
[WhiteFideId "1705601"]
[BlackFideId "16294190"]
[EventDate "2022.04.06"]

1. c4 c6 2. d4 d5 3. Nf3 Nf6 4. e3 a6 5. Be2 Bf5 6. Nc3 h6 7. O-O e6 8. c5 a5 9.
Ne5 Be7 10. f4 O-O 11. Bd2 Ne4 12. Na4 Nxd2 13. Qxd2 Qc7 14. Nb6 Ra7 15. Bd3
Bxd3 16. Qxd3 Bf6 17. Ng4 Bd8 18. f5 Nd7 19. fxe6 Nxb6 20. cxb6 Qxb6 21. exf7+
Rxf7 22. Rxf7 Kxf7 23. Rf1+ Bf6 24. Nxf6 gxf6 25. Qh7+ Ke6 26. Qf5+ 1-0

[Event "Kvika Reykjavik Open 2022"]
[Site "Reykjavik ISL"]
[Date "2022.04.10"]
[Round "6.73"]
[White "De Coninck, Rafael"]
[Black "Patel, Zain"]
[Result "0-1"]
[WhiteElo "2119"]
[BlackElo "1557"]
[WhiteFideId "204501"]
[BlackFideId "469246"]
[EventDate "2022.04.06"]

1. d4 Nf6 2. Nf3 e6 3. g3 d5 4. Bg2 Be7 5. O-O O-O 6. c4 c6 7. Nbd2 b6 8. b3 Bb7
9. Ne5 Nbd7 10. Bb2 c5 11. Rc1 Qc7 12. Nxd7 Nxd7 13. cxd5 exd5 14. dxc5 bxc5 15.
e4 Bf6 16. Bxf6 Nxf6 17. exd5 Bxd5 18. Bxd5 Nxd5 19. Ne4 Rad8 20. Rxc5 Qe5 21.
Qf3 Rfe8 22. Nc3 Qf6 23. Qxf6 Nxf6 24. Rc7 a6 25. Rc1 h6 26. Rc6 Rd7 27. Kg2 Ng4
28. Nd1 Re1 29. R1c4 Ne5 30. Nc3 0-1

[Event "Kvika Reykjavik Open 2022"]
[Site "Reykjavik ISL"]
[Date "2022.04.10"]
[Round "6.74"]
[White "Sandin, Albin"]
[Black "Heer, Stephan"]
[Result "0-1"]
[WhiteElo "1513"]
[BlackElo "2067"]
[WhiteFideId "1731092"]
[BlackFideId "1302345"]
[EventDate "2022.04.06"]

1. d4 Nf6 2. Nf3 e6 3. c4 c5 4. Nc3 Be7 5. e4 Qa5 6. Bd2 Qd8 7. d5 exd5 8. cxd5
d6 9. h3 a6 10. a4 Nbd7 11. Bf4 O-O 12. a5 Re8 13. Bd3 b5 14. axb6 Qxb6 15. Qc2
Rb8 16. Na4 Qb4+ 17. Nd2 Nh5 18. Bh2 f5 19. O-O f4 20. Nc4 Ne5 21. Nxe5 dxe5 22.
Qc3 Bd6 23. Qxb4 cxb4 24. Rfc1 f3 25. g4 Nf4 26. Bxf4 exf4 27. Rc6 Be5 28. Rb1
a5 29. Nb6 Bb7 30. Rc2 b3 31. Rcc1 Bd4 32. Na4 Rec8 33. Bc4 Ba8 34. Bd3 Kf8 35.
Rc4 Rxc4 36. Bxc4 Rb4 37. Rc1 Ke7 38. Bxb3 Rxb3 39. Nc5 Rxb2 40. Nd3 Rd2 41.
Nxf4 Rxf2 42. Rc7+ Kd6 43. Rf7 a4 44. Ne6 Rg2+ 0-1

[Event "Kvika Reykjavik Open 2022"]
[Site "Reykjavik ISL"]
[Date "2022.04.10"]
[Round "6.75"]
[White "Held, Thomas"]
[Black "Stefansson, Benedikt"]
[Result "1-0"]
[WhiteElo "2054"]
[BlackElo "1493"]
[WhiteFideId "1308335"]
[BlackFideId "2312379"]
[EventDate "2022.04.06"]

1. c4 f5 2. Nc3 Nf6 3. g3 d6 4. d4 e6 5. Bg2 Be7 6. e4 e5 7. dxe5 dxe5 8. Qxd8+
Bxd8 9. exf5 Bxf5 10. Bxb7 Na6 11. Bxa6 O-O 12. h3 Nd7 13. Be3 Be7 14. g4 Bg6
15. Nge2 Rab8 16. Bb5 Nc5 17. O-O a6 18. Bxc5 Bxc5 19. Bxa6 Rxb2 20. Na4 Rxe2
21. Nxc5 h5 22. a4 hxg4 23. hxg4 Rf4 24. Bc8 Rxc4 25. Be6+ 1-0

[Event "Kvika Reykjavik Open 2022"]
[Site "Reykjavik ISL"]
[Date "2022.04.10"]
[Round "6.76"]
[White "Moerman, Thomas"]
[Black "Kewalramani, Abhir"]
[Result "1-0"]
[WhiteElo "2022"]
[BlackElo "1474"]
[WhiteFideId "235644"]
[BlackFideId "366196828"]
[EventDate "2022.04.06"]

1. d4 d5 2. c4 e6 3. Nf3 Nf6 4. g3 Be7 5. Bg2 O-O 6. O-O dxc4 7. Qa4 a6 8. Qxc4
b5 9. Qc2 Bb7 10. Bd2 Be4 11. Qc1 Nbd7 12. Ba5 Ra7 13. Nbd2 Bd5 14. Qc2 Qb8 15.
b4 Bd6 16. e4 Ba8 17. e5 Nd5 18. exd6 cxd6 19. Rac1 f5 20. Rfe1 e5 21. dxe5 dxe5
22. Nb3 f4 23. Rcd1 N5f6 24. Ng5 fxg3 25. hxg3 Bxg2 26. Kxg2 e4 27. Nxe4 Ng4 28.
Qc6 Nde5 29. Qe6+ Kh8 30. f4 Re8 31. Qxe8+ Qxe8 32. Rd8 Nc4 33. Kf3 h5 34. Ng5
g6 35. Rexe8+ Kg7 36. Nc5 Nh2+ 37. Kg2 Ng4 38. Nce6+ 1-0

[Event "Kvika Reykjavik Open 2022"]
[Site "Reykjavik ISL"]
[Date "2022.04.10"]
[Round "6.77"]
[White "Bryant, Harry"]
[Black "White, Nigel"]
[Result "0-1"]
[WhiteElo "1425"]
[BlackElo "2018"]
[WhiteFideId "489158"]
[BlackFideId "455830"]
[EventDate "2022.04.06"]

1. e4 c5 2. Nf3 d6 3. d4 cxd4 4. Nxd4 Nf6 5. Nc3 a6 6. Be3 e5 7. Nb3 Be6 8. f3
h5 9. Qd2 Nbd7 10. h4 Be7 11. Bg5 Qc7 12. g3 Rc8 13. Bh3 b5 14. a3 Qb6 15. Qe3
d5 16. exd5 Qxe3+ 17. Bxe3 Nxd5 18. Nxd5 Bxd5 19. Rd1 Be6 20. Bxe6 fxe6 21. Rd2
Nf6 22. Bg5 Nd5 23. Bxe7 Kxe7 24. c3 Rhf8 25. Rd3 Nb6 26. O-O Nc4 27. Rb1 0-1

[Event "Kvika Reykjavik Open 2022"]
[Site "Reykjavik ISL"]
[Date "2022.04.10"]
[Round "6.78"]
[White "Balzer, Lars"]
[Black "Marzik, Arne"]
[Result "1-0"]
[WhiteElo "2015"]
[BlackElo "1446"]
[WhiteFideId "4646452"]
[BlackFideId "16254678"]
[EventDate "2022.04.06"]

1. e4 e6 2. d4 d5 3. e5 c5 4. c3 Nc6 5. Be3 cxd4 6. cxd4 Nge7 7. Nc3 Nf5 8. Qd2
Nxe3 9. fxe3 Be7 10. Bd3 f6 11. exf6 Bxf6 12. Nf3 a6 13. O-O Qd6 14. Kh1 Bd7 15.
e4 Nxd4 16. exd5 Nxf3 17. Rxf3 O-O 18. dxe6 Qxe6 19. Bf5 Qxf5 20. Rxf5 Bxf5 21.
Qd5+ 1-0

[Event "Kvika Reykjavik Open 2022"]
[Site "Reykjavik ISL"]
[Date "2022.04.10"]
[Round "6.79"]
[White "Omarsson, Josef"]
[Black "Olesen, Poul Erik Norgaard"]
[Result "0-1"]
[WhiteElo "1352"]
[BlackElo "2010"]
[WhiteFideId "2316102"]
[BlackFideId "1404253"]
[EventDate "2022.04.06"]

1. d4 c5 2. c3 e6 3. Bf4 Nc6 4. e3 d5 5. Nf3 Nf6 6. Nbd2 Bd6 7. Bg3 Qe7 8. Ne5
Bxe5 9. dxe5 Nd7 10. f4 f6 11. Bh4 Qf7 12. exf6 Nxf6 13. Bb5 Bd7 14. Nf3 O-O 15.
Bxc6 Bxc6 16. Bxf6 gxf6 17. g4 e5 18. Kf2 Rad8 19. Rg1 d4 20. Qe2 exf4 21. exf4
Rde8 22. Qc2 d3 23. Qd1 Re2+ 24. Kg3 Re3 25. Rf1 Qd5 26. Rf2 Rfe8 27. Qf1 d2 28.
Rd1 Rxf3+ 29. Rxf3 Re1 30. Rxe1 dxe1=Q+ 31. Qxe1 Qxf3+ 32. Kh4 Qxf4 33. Qe6+ Kg7
34. Qe7+ Kg6 35. Qd8 Qxh2# 0-1

[Event "Kvika Reykjavik Open 2022"]
[Site "Reykjavik ISL"]
[Date "2022.04.10"]
[Round "6.80"]
[White "Carlsson, Gustav"]
[Black "Thorsteinsson, Thorsteinn Jakob F"]
[Result "0-1"]
[WhiteElo "2008"]
[BlackElo "1394"]
[WhiteFideId "1734148"]
[BlackFideId "2317940"]
[EventDate "2022.04.06"]

1. c4 g6 2. g3 c5 3. Bg2 Bg7 4. Nc3 Nc6 5. a3 b6 6. Nf3 Bb7 7. O-O d6 8. Rb1 Rc8
9. b4 Nf6 10. bxc5 dxc5 11. d3 O-O 12. Bb2 Ne8 13. Nd5 Bxb2 14. Rxb2 e6 15. Nf4
Ng7 16. h4 h6 17. Nd2 Na5 18. Ne4 Nf5 19. Qd2 Kh7 20. e3 Nd6 21. Nc3 Bxg2 22.
Kxg2 Qe7 23. Qc2 Kg8 24. Nb1 Rfd8 25. Nd2 Qb7+ 26. Kg1 Nc6 27. Qc3 Qe7 28. Rd1
Qf8 29. Nb3 Qg7 30. Qxg7+ Kxg7 31. Rc2 Ne5 32. Nd2 g5 33. hxg5 hxg5 34. Nh3 f6
35. Rc3 Kf7 36. Kg2 Rd7 37. f3 Nf5 38. Nf1 Rcd8 39. Nf2 Nd6 40. f4 gxf4 41. gxf4
Rg8+ 42. Ng3 Nf5 43. fxe5 Rxg3+ 44. Kf1 Nxe3+ 45. Ke2 Nxd1 46. Kxd1 fxe5 47. Ke2
Kg6 48. Rc1 Rg2 49. Kf3 Rxf2+ 50. Kxf2 Rxd3 51. Ra1 Rc3 52. a4 Rxc4 53. a5 b5
54. Rb1 b4 55. Ke2 Rc3 56. Rg1+ Kf7 57. Rh1 Rg3 58. Kf2 Rg7 59. Rc1 Kf6 60. Rxc5
Rb7 61. Rc2 Rb5 62. Rb2 Ke7 63. Ke3 Kd6 64. Ke4 Kc6 65. Kd3 Kb7 66. Kc4 Ka6 67.
Rd2 b3 68. Rd6+ Kxa5 69. Rd7 b2 0-1

[Event "Kvika Reykjavik Open 2022"]
[Site "Reykjavik ISL"]
[Date "2022.04.10"]
[Round "6.81"]
[White "Hallmundarson, Birkir"]
[Black "Rice, Chris B"]
[Result "0-1"]
[WhiteElo "1162"]
[BlackElo "1989"]
[WhiteFideId "2319446"]
[BlackFideId "404446"]
[EventDate "2022.04.06"]

1. Nf3 Nf6 2. c4 g6 3. d4 Bg7 4. d5 O-O 5. Nc3 d6 6. e4 Nbd7 7. b4 Nxe4 8. Nxe4
Bxa1 9. Bh6 Bg7 10. Bxg7 Kxg7 11. Qa1+ f6 12. Nfg5 Ne5 13. Ne6+ Bxe6 14. dxe6 d5
15. Nc5 b6 16. Nd3 Nxc4 17. Nf4 Qd6 18. Nd3 Qxe6+ 19. Kd1 Qe4 20. Qc3 e5 21. Rg1
Rfe8 22. Be2 Qd4 23. Qxd4 exd4 24. Nf4 Rad8 25. Bf3 c6 26. b5 Ne5 27. Be2 c5 28.
g4 c4 29. h4 d3 30. Bf1 Nf3 31. Rh1 Re1# 0-1

[Event "Kvika Reykjavik Open 2022"]
[Site "Reykjavik ISL"]
[Date "2022.04.10"]
[Round "6.83"]
[White "Larkin, Benjamin"]
[Black "De Wachter, Livia"]
[Result "1-0"]
[WhiteElo "1857"]
[BlackElo "1171"]
[WhiteFideId "479977"]
[BlackFideId "255505"]
[EventDate "2022.04.06"]

1. e4 c6 2. d4 d5 3. e5 c5 4. dxc5 e6 5. a3 Nc6 6. Nf3 a5 7. Be3 Nge7 8. c3 Nf5
9. Bd4 Bd7 10. Nbd2 Be7 11. b4 axb4 12. axb4 Nfxd4 13. cxd4 Nxb4 14. Rb1 Qa5 15.
Be2 Ba4 16. Qc1 Nc2+ 17. Kf1 O-O 18. Qb2 Rfb8 19. Bd3 Nxd4 20. Nxd4 Bxc5 21.
N2b3 Qb6 22. Nxc5 Qxc5 23. Qb6 Qc3 24. Ke2 g6 25. Rhc1 Qa3 26. Qb4 Qxb4 27. Rxb4
Bd7 28. Rc7 Bc8 29. Rb6 Ra2+ 30. Ke3 Kg7 31. Nb5 Ra6 32. Rxa6 bxa6 33. Nd6 a5
34. Rxc8 1-0

[Event "Kvika Reykjavik Open 2022"]
[Site "Reykjavik ISL"]
[Date "2022.04.10"]
[Round "6.85"]
[White "Skahlberg Bjerknes-Lima de Faria, Warg"]
[Black "Shuey, Michael"]
[Result "1-0"]
[WhiteElo "1813"]
[BlackElo "1838"]
[WhiteFideId "1738100"]
[BlackFideId "30957176"]
[EventDate "2022.04.06"]

1. d4 Nf6 2. c4 e6 3. Nf3 b6 4. g3 Bb7 5. Bg2 Bb4+ 6. Bd2 Qe7 7. O-O O-O 8. a3
Bxd2 9. Qxd2 d6 10. Nc3 Nbd7 11. Qc2 e5 12. d5 Rfe8 13. e4 Nf8 14. b4 a5 15. Na4
N6d7 16. Nd2 c6 17. dxc6 Bxc6 18. Nc3 Ne6 19. Nf3 axb4 20. axb4 Nf6 21. Nd5 Bxd5
22. cxd5 Nf8 23. Rxa8 Rxa8 24. Qc6 Rb8 25. Nd2 b5 26. Nb1 Qd7 27. Rc1 Rb7 28.
Na3 Ne8 29. Bh3 Qxc6 30. dxc6 Rb6 31. c7 Nxc7 32. Rxc7 Ra6 33. Nxb5 Rb6 34. Bf1
h6 35. Bc4 Ne6 36. Rd7 d5 37. exd5 1-0

[Event "Kvika Reykjavik Open 2022"]
[Site "Reykjavik ISL"]
[Date "2022.04.10"]
[Round "6.89"]
[White "Seshadri, Sridhar"]
[Black "Thorhallsson, Simon"]
[Result "0-1"]
[BlackTitle "FM"]
[WhiteElo "1542"]
[BlackElo "2252"]
[WhiteFideId "30913942"]
[BlackFideId "2310090"]
[EventDate "2022.04.06"]

1. c4 b6 2. Nc3 Bb7 3. e4 e5 4. d3 Bb4 5. a3 Bxc3+ 6. bxc3 Nc6 7. Be2 Qe7 8. a4
O-O-O 9. Be3 d6 10. a5 Nxa5 11. Rxa5 bxa5 12. Qa4 c5 13. Bg4+ Kb8 14. Qxa5 Nf6
15. Be2 Qc7 16. Qa2 Ka8 17. Nf3 Rb8 18. O-O Bc6 19. h3 Rb7 20. Nd2 Rhb8 21. f4
Be8 22. fxe5 dxe5 23. Bf3 Nd7 24. Bg4 f6 25. d4 Rb2 26. Qa3 cxd4 27. cxd4 exd4
28. Bf4 Ne5 29. Be6 Bc6 30. Ra1 g5 31. Bxg5 fxg5 32. Nf3 Bxe4 33. Bd5+ Bxd5 34.
cxd5 Rb1+ 35. Ne1 Rxa1 36. Qxa1 Qc3 37. Qd1 Qe3+ 38. Kh2 Qf4+ 39. Kh1 Qe4 40. d6
Qd5 41. Qa4 d3 42. Nxd3 Qxd3 43. Qd7 Qf1+ 0-1

[Event "Kvika Reykjavik Open 2022"]
[Site "Reykjavik ISL"]
[Date "2022.04.10"]
[Round "6.90"]
[White "Johansson, Carl Fredrik"]
[Black "Hreinsson, Johann Helgi"]
[Result "1-0"]
[WhiteTitle "CM"]
[WhiteElo "2221"]
[BlackElo "1406"]
[WhiteFideId "1701576"]
[BlackFideId "2317540"]
[EventDate "2022.04.06"]

1. d4 Nf6 2. c4 e6 3. Nc3 Bb4 4. f3 d5 5. a3 Be7 6. e4 dxe4 7. fxe4 c5 8. d5 Qc7
9. Nf3 exd5 10. cxd5 Nbd7 11. Nb5 Qb8 12. d6 Bd8 13. e5 Ng8 14. Bc4 h6 15. Qd5
Nxe5 16. Qxe5+ Be6 17. Bxe6 fxe6 18. Qxe6+ Ne7 19. Ne5 Ba5+ 20. b4 cxb4 21.
Qxe7# 1-0